header

Foundations of an ethics of belief (Record no. 37260)

MARC details
000 -LEADER
fixed length control field 01178nam a2200325 a 4500
100 1# - MAIN ENTRY--AUTHOR NAME
Personal name Meylan, Anne.
245 10 - TITLE STATEMENT
Title Foundations of an ethics of belief
260 ## - PUBLICATION, DISTRIBUTION, ETC. (IMPRINT)
Place of publication Frankfurt :
Name of publisher Ontos Verlag,
Year of publication 2013.
300 ## - PHYSICAL DESCRIPTION
Number of Pages 218 p.
490 1# - SERIES STATEMENT
Series statement Practical philosophy ;
650 #0 - SUBJECT ADDED ENTRY--TOPICAL TERM
Topical Term Ethics.
Topical Term Social ethics.
856 40 - ELECTRONIC LOCATION AND ACCESS
Uniform Resource Identifier http://site.ebrary.com/lib/rucke/Doc?id=10728644

No items available.

© 2026 Rongo University
Contact us: librarian | system librarian | Rongo university